[Event "Cerrado Blitz Benimodo 2018"]
[Site "Benimodo, Spain"]
[Date "2018.08.13"]
[Round "7.3"]
[White "Galvan Cipriani, Viviana"]
[Black "Pena Riasco, Alexander"]
[Result "1-0"]
[WhiteElo "1948"]
[BlackElo "2119"]
[PlyCount "93"]
[EventDate "2018.??.??"]

1. c4 {[%clk 00:07:03]  [%emt 00:00:06]} 1... Nf6 {[%clk 00:07:05]} 2. Nf3 {
[%emt 00:00:09]} 2... c6 3. b3 {[%clk 00:07:04]} 3... d5 {[%clk 00:07:09]} 4.
g3 {[%clk 00:07:03]} 4... Bf5 {[%clk 00:07:09]  [%emt 00:00:06]} 5. Bg2 {
[%clk 00:07:03]  [%emt 00:00:05]} 5... e6 {[%clk 00:07:12]} 6. Bb2 {
[%clk 00:07:03]  [%emt 00:00:05]} 6... h6 {[%clk 00:07:13]} 7. O-O {
[%clk 00:07:04]} 7... Be7 {[%clk 00:07:16]} 8. d3 {[%clk 00:07:06]} 8... O-O {
[%clk 00:07:15]  [%emt 00:00:04]} 9. Nbd2 {[%clk 00:07:07]  [%emt 00:00:04]}
9... Nbd7 {[%clk 00:07:14]  [%emt 00:00:05]} 10. Qc2 {
[%clk 00:07:04]  [%emt 00:00:04]} 10... b5 {[%clk 00:06:57]  [%emt 00:00:17]}
11. cxb5 {[%clk 00:06:58]  [%emt 00:00:10]} 11... cxb5 {[%clk 00:06:59]} 12.
Nd4 {[%clk 00:06:58]  [%emt 00:00:06]} 12... Rc8 {
[%clk 00:06:42]  [%emt 00:00:17]} 13. Qd1 {[%clk 00:06:40]  [%emt 00:00:21]}
13... Qb6 {[%clk 00:06:00]  [%emt 00:00:46]} 14. Nxf5 {
[%clk 00:06:29]  [%emt 00:00:13]} 14... exf5 {[%clk 00:06:02]} 15. Nf3 {
[%clk 00:06:30]  [%emt 00:00:06]} 15... Rc7 {[%clk 00:05:50]  [%emt 00:00:12]}
16. Qd2 {[%clk 00:06:30]  [%emt 00:00:05]} 16... Rfc8 {
[%clk 00:05:45]  [%emt 00:00:07]} 17. Rac1 {[%clk 00:06:29]  [%emt 00:00:06]}
17... a5 {[%clk 00:05:39]  [%emt 00:00:06]} 18. Bc3 {
[%clk 00:06:22]  [%emt 00:00:10]} 18... Qa6 {[%clk 00:04:38]  [%emt 00:01:06]}
19. Nd4 {[%clk 00:05:40]  [%emt 00:00:44]} 19... Ba3 {
[%clk 00:04:22]  [%emt 00:00:19]} 20. Bb2 {[%clk 00:05:31]  [%emt 00:00:12]}
20... Bxb2 {[%clk 00:04:18]  [%emt 00:00:07]} 21. Qxb2 {
[%clk 00:05:31]  [%emt 00:00:06]} 21... g6 {[%clk 00:04:15]  [%emt 00:00:05]}
22. Qd2 {[%clk 00:05:28]  [%emt 00:00:06]} 22... Kg7 {
[%clk 00:04:14]  [%emt 00:00:04]} 23. Rfd1 {[%clk 00:04:24]  [%emt 00:01:05]}
23... b4 {[%clk 00:04:15]  [%emt 00:00:06]} 24. e3 {
[%clk 00:04:18]  [%emt 00:00:08]} 24... Ne5 {[%clk 00:04:08]  [%emt 00:00:06]}
25. Bf1 {[%clk 00:04:03]  [%emt 00:00:19]} 25... Qb6 {
[%clk 00:04:08]  [%emt 00:00:06]} 26. Kg2 {[%clk 00:03:47]  [%emt 00:00:16]}
26... Nh7 {[%clk 00:03:17]  [%emt 00:00:53]} 27. h3 {
[%clk 00:03:31]  [%emt 00:00:19]} 27... Nf8 {[%clk 00:03:03]  [%emt 00:00:18]}
28. f4 {[%clk 00:02:49]  [%emt 00:00:45]} 28... Ned7 {
[%clk 00:02:59]  [%emt 00:00:07]} 29. Qb2 {[%clk 00:02:32]  [%emt 00:00:20]}
29... Nf6 {[%clk 00:03:01]} 30. Qd2 {[%clk 00:02:25]  [%emt 00:00:14]} 30...
Ne6 {[%clk 00:03:00]  [%emt 00:00:05]} 31. Ne2 {
[%clk 00:02:12]  [%emt 00:00:12]} 31... d4 {[%clk 00:02:56]  [%emt 00:00:06]}
32. exd4 {[%clk 00:01:59]  [%emt 00:00:17]} 32... Nxd4 {[%clk 00:02:58]} 33.
Rxc7 {[%clk 00:01:33]  [%emt 00:00:30]} 33... Rxc7 {[%clk 00:03:00]} 34. Nxd4 {
[%clk 00:01:34]  [%emt 00:00:06]} 34... Qxd4 {[%clk 00:03:02]} 35. Qf2 {
[%clk 00:01:35]  [%emt 00:00:05]} 35... Qxf2+ {[%clk 00:02:35]  [%emt 00:00:31]
} 36. Kxf2 {[%clk 00:01:36]} 36... Rc2+ {[%clk 00:02:37]} 37. Ke3 {
[%clk 00:01:35]  [%emt 00:00:04]} 37... Nd5+ {[%clk 00:02:38]  [%emt 00:00:04]}
38. Kf3 {[%clk 00:00:46]  [%emt 00:00:47]} 38... Nc3 {
[%clk 00:02:37]  [%emt 00:00:04]} 39. Ra1 {[%clk 00:00:46]  [%emt 00:00:05]}
39... Nxa2 {[%clk 00:02:30]  [%emt 00:00:07]} 40. d4 {
[%clk 00:00:37]  [%emt 00:00:12]} 40... a4 {[%clk 00:02:19]  [%emt 00:00:15]}
41. Bc4 {[%clk 00:00:10]  [%emt 00:00:30]} 41... a3 {
[%clk 00:01:42]  [%emt 00:00:40]} 42. Ke3 {[%clk 00:00:08]  [%emt 00:00:06]}
42... Nc3 {[%clk 00:01:23]  [%emt 00:00:19]} 43. d5 {
[%clk 00:00:06]  [%emt 00:00:07]} 43... Kf8 {[%clk 00:01:18]  [%emt 00:00:08]}
44. Kd4 {[%clk 00:00:04]  [%emt 00:00:08]} 44... Ke7 {
[%clk 00:01:06]  [%emt 00:00:14]} 45. Kc5 {[%clk 00:00:05]  [%emt 00:00:04]}
45... a2 {[%clk 00:00:09]  [%emt 00:00:55]} 46. Kxb4 {[%emt 00:00:05]} 46...
Kd6 {[%clk 00:00:09]  [%emt 00:00:04]} 47. Ka3 {
[%clk 00:00:07]  [%emt 00:00:05]} 1-0

[Event "Cerrado Blitz Benimodo 2018 desempate"]
[Site "Benimodo, Spain"]
[Date "2018.08.13"]
[Round "8.1"]
[White "Granero Roca, Antonio"]
[Black "Garcia, Jhoel"]
[Result "1-0"]
[WhiteElo "2366"]
[BlackElo "2262"]
[PlyCount "113"]
[EventDate "2018.??.??"]

1. Nf3 {[%clk 00:03:03] [%emt 00:00:16]} 1... d5 {[%clk 00:03:03]} 2. g3 c6 3.
Bg2 {[%clk 00:03:04]} 3... Nf6 {[%clk 00:03:06]} 4. O-O {[%clk 00:03:04]} 4...
Bg4 {[%clk 00:03:07]} 5. d3 {[%clk 00:03:05] [%emt 00:00:03]} 5... e6 {
[%clk 00:03:08]} 6. Nbd2 {[%clk 00:03:05]} 6... Be7 {[%clk 00:03:09]} 7. c4 {
[%clk 00:03:06]} 7... Nbd7 {[%clk 00:03:11]} 8. b3 {
[%clk 00:03:07] [%emt 00:00:03]} 8... O-O {[%clk 00:03:11]} 9. Bb2 {
[%clk 00:03:08]} 9... a5 {[%clk 00:03:12] [%emt 00:00:03]} 10. a3 {
[%clk 00:03:09]} 10... Bh5 {[%clk 00:03:13]} 11. Rc1 {
[%clk 00:03:08] [%emt 00:00:04]} 11... Bg6 {[%clk 00:03:14] [%emt 00:00:03]}
12. Rc2 {[%clk 00:03:09]} 12... Ne8 {[%clk 00:03:12] [%emt 00:00:04]} 13. Qa1 {
[%clk 00:03:10]} 13... Bf6 {[%clk 00:03:13] [%emt 00:00:06]} 14. Rcc1 {
[%clk 00:03:07] [%emt 00:00:03]} 14... Bxb2 {[%clk 00:03:13]} 15. Qxb2 {
[%clk 00:03:08]} 15... Nd6 {[%clk 00:03:12] [%emt 00:00:03]} 16. Ne5 {
[%clk 00:03:05] [%emt 00:00:03]} 16... Qe7 {[%clk 00:03:09] [%emt 00:00:06]}
17. Nxd7 {[%clk 00:03:05] [%emt 00:00:04]} 17... Qxd7 {[%clk 00:03:10]} 18. b4
{[%clk 00:03:06] [%emt 00:00:07]} 18... a4 {[%clk 00:02:48] [%emt 00:00:15]}
19. Qd4 {[%clk 00:03:00] [%emt 00:00:08]} 19... Rfd8 {
[%clk 00:02:46] [%emt 00:00:27]} 20. Qc5 {[%clk 00:02:56]} 20... Rdc8 {
[%clk 00:02:22] [%emt 00:00:12]} 21. Nf3 {[%clk 00:02:48] [%emt 00:00:09]}
21... f6 {[%clk 00:02:03] [%emt 00:00:21]} 22. Qe3 {
[%clk 00:02:46] [%emt 00:00:04]} 22... Bf7 {[%clk 00:02:04]} 23. cxd5 {
[%clk 00:02:36] [%emt 00:00:14]} 23... exd5 {[%clk 00:02:02] [%emt 00:00:08]}
24. Nd4 {[%clk 00:02:31] [%emt 00:00:03]} 24... Re8 {
[%clk 00:01:53] [%emt 00:00:07]} 25. Qd2 {[%clk 00:02:30] [%emt 00:00:32]}
25... Bg6 {[%clk 00:01:36] [%emt 00:00:04]} 26. Rfe1 {
[%clk 00:02:24] [%emt 00:00:04]} 26... Qe7 {[%clk 00:01:26] [%emt 00:00:06]}
27. b5 {[%clk 00:02:16] [%emt 00:00:10]} 27... Nxb5 {
[%clk 00:00:56] [%emt 00:00:29]} 28. Nxb5 {[%clk 00:02:15] [%emt 00:00:46]}
28... cxb5 {[%clk 00:00:58]} 29. Bxd5+ {[%clk 00:02:15]} 29... Kh8 {
[%clk 00:00:54]} 30. Qc3 {[%clk 00:01:34] [%emt 00:00:20]} 30... Qd7 {
[%clk 00:00:41] [%emt 00:00:05]} 31. Bf3 {[%clk 00:01:31] [%emt 00:00:08]}
31... Bf7 {[%clk 00:00:25] [%emt 00:00:14]} 32. Qb4 {
[%clk 00:01:22] [%emt 00:00:41]} 32... Rac8 {[%clk 00:00:16] [%emt 00:00:04]}
33. h4 {[%clk 00:01:20]} 33... h6 {[%clk 00:00:16]} 34. Rb1 {
[%clk 00:01:08] [%emt 00:00:07]} 34... Bb3 {[%clk 00:00:17]} 35. Rec1 {
[%clk 00:01:09]} 35... Rxc1+ {[%clk 00:00:14] [%emt 00:00:07]} 36. Rxc1 {
[%clk 00:01:10]} 36... Rc8 {[%clk 00:00:13]} 37. Rxc8+ {
[%clk 00:01:00] [%emt 00:00:09]} 37... Qxc8 {[%clk 00:00:15] [%emt 00:00:08]}
38. Qxb5 {[%clk 00:01:00]} 38... Qc7 {[%clk 00:00:10]} 39. Qxb7 {
[%clk 00:00:56] [%emt 00:00:06]} 39... Qc1+ {[%clk 00:00:06] [%emt 00:00:06]}
40. Kg2 {[%clk 00:00:57]} 40... Qxa3 {[%clk 00:00:05] [%emt 00:00:06]} 41. Qc8+
{[%clk 00:00:44] [%emt 00:00:10]} 41... Kh7 {[%clk 00:00:04] [%emt 00:00:19]}
42. Be4+ {[%clk 00:00:43]} 42... g6 {[%clk 00:00:03]} 43. Qd7+ {[%clk 00:00:37]
} 43... Kh8 {[%clk 00:00:05]} 44. Qe8+ {[%clk 00:00:34] [%emt 00:00:22]} 44...
Kg7 {[%clk 00:00:03]} 45. Qxg6+ {[%clk 00:00:31]} 45... Kf8 {[%clk 00:00:03]}
46. Qxf6+ {[%clk 00:00:32]} 46... Kg8 {[%clk 00:00:05]} 47. Qg6+ {
[%clk 00:00:29]} 47... Kf8 {[%clk 00:00:06]} 48. Qxh6+ {
[%clk 00:00:30] [%emt 00:00:33]} 48... Ke7 {[%clk 00:00:07]} 49. Qg7+ {
[%clk 00:00:31]} 49... Kd8 {[%clk 00:00:09]} 50. Qd4+ {[%clk 00:00:31]} 50...
Ke7 {[%clk 00:00:09]} 51. Qe5+ {[%clk 00:00:32]} 51... Kf8 {[%clk 00:00:09]}
52. Qh8+ {[%clk 00:00:27]} 52... Ke7 {[%clk 00:00:11]} 53. Qg7+ {
[%clk 00:00:28]} 53... Kd8 {[%clk 00:00:12]} 54. h5 {[%clk 00:00:26]} 54... Qe7
{[%clk 00:00:12]} 55. Qd4+ {[%clk 00:00:23] [%emt 00:00:03]} 55... Kc7 {
[%clk 00:00:10] [%emt 00:00:04]} 56. h6 {[%clk 00:00:21]} 56... Be6 {
[%clk 00:00:08] [%emt 00:00:07]} 57. h7 {[%clk 00:00:21] [%emt 00:00:03]} 1-0

[Event "Cerrado Blitz Benimodo 2018 desempate"]
[Site "Benimodo, Spain"]
[Date "2018.08.13"]
[Round "9.1"]
[White "Garcia, Jhoel"]
[Black "Granero Roca, Antonio"]
[Result "0-1"]
[WhiteElo "2262"]
[BlackElo "2366"]
[PlyCount "96"]
[EventDate "2018.??.??"]

1. e4 {[%clk 00:03:01] [%emt 00:00:13]} 1... c5 {[%clk 00:03:01]} 2. Nf3 {
[%clk 00:02:58] [%emt 00:00:07]} 2... Nc6 {[%clk 00:03:02] [%emt 00:00:07]} 3.
d4 {[%clk 00:02:59]} 3... cxd4 {[%clk 00:03:03]} 4. Nxd4 {[%clk 00:03:00]} 4...
g6 {[%clk 00:03:04]} 5. Nc3 {[%clk 00:02:51] [%emt 00:00:05]} 5... Bg7 {
[%clk 00:03:05]} 6. Be3 {[%clk 00:02:53]} 6... Nf6 {
[%clk 00:03:06] [%emt 00:00:10]} 7. Bc4 {[%clk 00:02:54]} 7... O-O {
[%clk 00:03:06] [%emt 00:00:03]} 8. Bb3 {[%clk 00:02:56]} 8... d6 {
[%clk 00:03:06]} 9. f3 {[%clk 00:02:46] [%emt 00:00:08]} 9... Nxd4 {
[%clk 00:03:07] [%emt 00:00:04]} 10. Bxd4 {[%clk 00:02:46]} 10... Be6 {
[%clk 00:03:08]} 11. Qd2 {[%clk 00:02:45] [%emt 00:00:04]} 11... Rc8 {
[%clk 00:03:05] [%emt 00:00:12]} 12. O-O-O {[%clk 00:02:44]} 12... Qa5 {
[%clk 00:03:04]} 13. Kb1 {[%clk 00:02:44]} 13... Rfe8 {
[%clk 00:03:02] [%emt 00:00:05]} 14. h4 {[%clk 00:02:40] [%emt 00:00:05]} 14...
h5 {[%clk 00:02:58] [%emt 00:00:08]} 15. Bxe6 {[%clk 00:02:33] [%emt 00:00:08]}
15... fxe6 {[%clk 00:02:59] [%emt 00:00:06]} 16. g4 {[%clk 00:02:34]} 16... Rc4
{[%clk 00:02:56]} 17. Qg5 {[%clk 00:01:49] [%emt 00:01:14]} 17... Qxg5 {
[%clk 00:02:44] [%emt 00:00:03]} 18. hxg5 {[%clk 00:01:50]} 18... Nh7 {
[%clk 00:02:30] [%emt 00:00:03]} 19. Bxg7 {[%clk 00:01:43] [%emt 00:00:05]}
19... Kxg7 {[%clk 00:02:30] [%emt 00:00:40]} 20. gxh5 {[%clk 00:01:39]} 20...
Rf8 {[%clk 00:02:20]} 21. hxg6 {[%clk 00:01:06] [%emt 00:00:33]} 21... Kxg6 {
[%clk 00:02:11] [%emt 00:00:05]} 22. Rh6+ {[%clk 00:00:57]} 22... Kg7 {
[%clk 00:02:10] [%emt 00:00:11]} 23. Rxe6 {[%clk 00:00:56]} 23... Kf7 {
[%clk 00:02:00] [%emt 00:00:07]} 24. Rh6 {[%clk 00:00:47] [%emt 00:00:14]}
24... Nxg5 {[%clk 00:01:59] [%emt 00:00:03]} 25. f4 {
[%clk 00:00:25] [%emt 00:00:21]} 25... Nxe4 {[%clk 00:01:55] [%emt 00:00:08]}
26. Rh7+ {[%clk 00:00:10] [%emt 00:00:17]} 26... Ke8 {
[%clk 00:01:34] [%emt 00:00:24]} 27. Re1 {[%clk 00:00:10] [%emt 00:00:04]}
27... Nxc3+ {[%clk 00:01:32] [%emt 00:00:04]} 28. bxc3 {[%clk 00:00:11]} 28...
Rf7 {[%clk 00:01:33]} 29. Rh8+ {[%clk 00:00:09] [%emt 00:00:04]} 29... Kd7 {
[%clk 00:01:35]} 30. Rb8 {[%clk 00:00:08] [%emt 00:00:04]} 30... Kc7 {
[%clk 00:00:57] [%emt 00:00:37]} 31. Re8 {[%clk 00:00:07] [%emt 00:00:03]}
31... Kd7 {[%clk 00:00:44] [%emt 00:00:16]} 32. Ra8 {
[%clk 00:00:09] [%emt 00:00:03]} 32... a6 {[%clk 00:00:43]} 33. Rb8 {
[%clk 00:00:08] [%emt 00:00:05]} 33... Kc7 {[%clk 00:00:44]} 34. Re8 {
[%clk 00:00:09]} 34... Kd7 {[%clk 00:00:45]} 35. Rg8 {
[%clk 00:00:09] [%emt 00:00:04]} 35... Rcxf4 {[%clk 00:00:37] [%emt 00:00:06]}
36. Kb2 {[%clk 00:00:09] [%emt 00:00:09]} 36... Rf2 {
[%clk 00:00:31] [%emt 00:00:04]} 37. Rg4 {[%clk 00:00:06] [%emt 00:00:09]}
37... Rh2 {[%clk 00:00:28]} 38. Rb4 {[%clk 00:00:06] [%emt 00:00:10]} 38... b5
{[%clk 00:00:28]} 39. a4 {[%clk 00:00:07] [%emt 00:00:03]} 39... Rff2 {
[%clk 00:00:26]} 40. Rc1 {[%clk 00:00:07]} 40... Kc6 {[%clk 00:00:27]} 41.
axb5+ {[%clk 00:00:08]} 41... axb5 {[%clk 00:00:28]} 42. Kb3 {[%clk 00:00:09]}
42... d5 {[%clk 00:00:28] [%emt 00:00:06]} 43. Rg4 {[%clk 00:00:09]} 43... Rf3
{[%clk 00:00:22] [%emt 00:00:06]} 44. Rg6+ {[%clk 00:00:10] [%emt 00:00:09]}
44... Kc7 {[%clk 00:00:21]} 45. Rd1 {[%clk 00:00:10]} 45... Rhh3 {
[%clk 00:00:14] [%emt 00:00:05]} 46. Rxd5 {[%clk 00:00:10] [%emt 00:00:04]}
46... Rxc3+ {[%clk 00:00:15]} 47. Kb2 {[%clk 00:00:12]} 47... Rc6 {
[%clk 00:00:16] [%emt 00:00:03]} 48. Re5 {[%clk 00:00:11] [%emt 00:00:03]}
48... Rxg6 {[%clk 00:00:16]} 0-1